Handbuch Kundenbindugsmanagement Strategien und Instrumente für ein erfolgreiches CRM
Guardado en:
| Otros Autores: | , |
|---|---|
| Formato: | Libro |
| Lenguaje: | alemán |
| Publicado: |
Wiesbaden
Gabler
2008
|
| Edición: | 6. überarb. und erw. Aufl. |
| Materias: | |
| Etiquetas: |
Sin Etiquetas, Sea el primero en etiquetar este registro!
|
MARC
| LEADER | 00000nam$a2200000$$$4500 | ||
|---|---|---|---|
| 001 | 0080449 | ||
| 005 | 20240315123149.9 | ||
| 020 | |a 978-3-8349-0573-4 | ||
| 041 | 0 | |a ger | |
| 044 | |a DE | ||
| 245 | 1 | 0 | |a Handbuch Kundenbindugsmanagement |b Strategien und Instrumente für ein erfolgreiches CRM |c Manfred Bruhn, Christian Homburg (Hrsg.) |
| 250 | |a 6. überarb. und erw. Aufl. | ||
| 264 | 1 | |a Wiesbaden |b Gabler |c 2008 | |
| 300 | |a 952 s. | ||
| 610 | 2 | 0 | |a zákazníci |
| 610 | 2 | 0 | |a systém CRM |
| 610 | 2 | 0 | |a riadenie vzťahov so zákazníkmi |
| 610 | 2 | 0 | |a kontrola |
| 610 | 2 | 0 | |a podnikanie |
| 610 | 2 | 0 | |a štúdie prípadové |
| 610 | 2 | 0 | |a obchod |
| 610 | 2 | 0 | |a tovar spotrebný |
| 610 | 2 | 0 | |a služby |
| 610 | 2 | 0 | |a starostlivosť o zákazníkov |
| 610 | 2 | 0 | |a príručky |
| 700 | 1 | |a Bruhn, Manfred | |
| 700 | 1 | |a Homburg, Christian | |